000
00291nam a22001097a 4500
008
230704b xxu||||| |||| 00| 0 eng d
082
_a
362.7
_b
EDW 1999
245
_a
Report on the Symposium on Rights-Based Programming for CNSP
260
_b
GOK,UNICEF
_c
199
300
_a
68p
942
_2
ddc
_c
BK
999
_c
3803
_d
3803